Pigeon Pigeon #1 - Statistiques

Statistiques générales
  • Ce quiz a été pris 66 fois
    59 depuis la dernière actualisation
  • Le résultat moyen est 8 sur 20
Statistiques - réponses
Question Réponse % Correct
La République Tchèque est le pays du monde où... La consommation de litre de bière par habitant est la plus importante
80%
En 1830, le ketchup était vendu en tant que... Médicament
80%
Le Monopoly est un jeu de société interdit... A la famille royale anglaise
60%
Il existe à Novossibirsk un monument dédié: Aux souris de laboratoire
60%
Le drapeau belge a une particularité unique au monde: C'est le seul accroché dans le sens inverse de sa Constitution
60%
Un plan d'assassinat de Fidel Castro par la CIA était... Des cigares piégés
60%
Jack Daniel, fondateur de la marque Jack Daniel's est mort: D'une infection du petit orteil
60%
Le chanteur Bob Dylan a reçu à la surprise générale en 2016... le Prix Nobel de Littérature pour son recueil de poèmes
60%
L'architecte Antoni Gaudi, est mort d'une manière assez inhabituelle: Percuté par un tramway
60%
Abraham Lincoln, au-delà d'un célèbre président, était également un immense champion... de lutte
40%
En Inde, il y a plus de téléphones portables que... de toilettes propres
40%
La race de chien Doberman a été créée par Louis Doberman, qui exerçait la profession de... Percepteur des impôts
40%
Le Scrabble a été créé en 1931 par... Un architecte au chômage
40%
En 1919, un incident à Boston fait 12 morts. Il s'agissait... D'un raz-de-marée de mélasse
20%
En 1958, un candidat insolite aurait dû remporter les élections législatives à São Paulo: Le rhinocéros du zoo
20%
A l'origine, la pâte à modeler Play-Doh était destinée à... Nettoyer le papier peint
20%
Le 18 octobre 1931, toutes les ampoules de la ville de Chicago baissent subitement leur intensité. La raison: Un hommage à Thomas Edison, mort plus tôt dans la journée
20%
Le basket-ball a été inventé en 1894 par: Un professeur de sport ne pouvant pas faire de football à cause de la pluie
20%
Kosciuczko est le nom d'un célèbre révolutionnaire polonais et... Le point culminant métropolitain de l'Australie
0%
Les wilayas sont... Les subdivisions algériennes
0%
Aucun quiz correspondant
Distribution des résultats
% des personnes avec chaque résultat
Percentile par nombre de réponses
Votre historique - résultats
Vous n’avez pas pris ce quiz depuis la dernière actualisation